| 000 | 00878cam a2200373 4500 | ||
|---|---|---|---|
| 001 | ABS66334 | ||
| 008 | 030204n2003 000 0 eng u | ||
| 035 | _a(Sirsi) u121241 | ||
| 100 | _aHowarth, A. | ||
| 245 | _aFocus: European distribution | ||
| 260 | _c2003 | ||
| 490 |
_aEstates Gazette _v(0303) 18 January 2003, 65-73(6) |
||
| 590 | _aABS | ||
| 650 | _aEUROPE | ||
| 650 | _aDISTRIBUTION | ||
| 650 | _aRETAILERS | ||
| 650 | _aIRELAND | ||
| 650 | _aBELGIUM | ||
| 650 | _aFRANCE | ||
| 650 | _aGERMANY | ||
| 650 | _aITALY | ||
| 650 | _aNETHERLANDS | ||
| 650 | _aSPAIN | ||
| 650 | _aSWEDEN | ||
| 650 | _aUNITED KINGDOM | ||
| 650 | _aSHEDS | ||
| 650 | _aWAREHOUSES | ||
| 650 | _aCOSTS | ||
| 650 | _aTRENDS | ||
| 650 | _aOCCUPIERS | ||
| 650 | _aLAND PRICES | ||
| 690 | _aPROPERTY-COMMERCIAL PROPERTY-COMMERCIAL PROPERTY MARKET | ||
| 942 | _n0 | ||
| 999 |
_c72053 _d72053 |
||